L'Histoire d'Alexandre selon Quinte-Curce (notice n° 2198450)

détails MARC
000 -LEADER
fixed length control field 01746cam a2200145 4500500
005 - DATE AND TIME OF LATEST TRANSACTION
control field 20260405085542.0
041 ## - LANGUAGE CODE
Language code of text/sound track or separate title fre
042 ## - AUTHENTICATION CODE
Authentication code dc
100 10 - MAIN ENTRY--PERSONAL NAME
Personal name Mahé-Simon, Mathilde
Relator term author
245 00 - TITLE STATEMENT
Title L'Histoire d'Alexandre selon Quinte-Curce
260 ## - PUBLICATION, DISTRIBUTION, ETC.
Name of publisher, distributor, etc. Armand Colin,<br/>
Date of publication, distribution, etc. 2014.<br/>
520 ## - SUMMARY, ETC.
Summary, etc. près avoir fasciné les cours royales de l’Europe moderne, l’œuvre de Quinte-Curce est tombée dans un relatif discrédit et a été étonnamment peu étudiée durant les dernières décennies. Dans le canon des historiens latins, la tradition académique n’a longtemps assigné qu’une place subalterne à l’énigmatique Q. Curtius Rufus. Les spécialistes de l’époque hellénistique et d’Alexandre III de Macédoine ont considéré cet historien pétri de rhétorique comme une source peu fiable, un point de vue aujourd’hui partiellement remis en question. Cette œuvre offre pourtant la seule version latine étendue de la geste d’Alexandre et occupe par là une place cardinale dans la tradition des histoires du conquérant, à la charnière entre la Grèce et Rome, entre monarchies hellénistiques et empire romain. Elle permet de mesurer combien la figure du Macédonien était problématique pour les Romains, car la gloire d’Alexandre pouvait éclipser l’éclat de leurs armes. Cet ouvrage s’intéresse à l’image d’Alexandre construite par Quinte-Curce, il met en lumière les qualités propres du récit et part à la recherche de cet Orient que Quinte-Curce est l’un des rares auteurs anciens à évoquer avec autant de détails.
700 10 - ADDED ENTRY--PERSONAL NAME
Personal name Trinquier, Jean
Relator term author
856 41 - ELECTRONIC LOCATION AND ACCESS
Uniform Resource Identifier <a href="https://shs.cairn.info/l-histoire-d-alexandre-selon-quinte-curce--9782200294830?lang=fr&redirect-ssocas=7080">https://shs.cairn.info/l-histoire-d-alexandre-selon-quinte-curce--9782200294830?lang=fr&redirect-ssocas=7080</a>

Pas d'exemplaire disponible.

PLUDOC

PLUDOC est la plateforme unique et centralisée de gestion des bibliothèques physiques et numériques de Guinée administré par le CEDUST. Elle est la plus grande base de données de ressources documentaires pour les Étudiants, Enseignants chercheurs et Chercheurs de Guinée.

Adresse

627 919 101/664 919 101

25 boulevard du commerce
Kaloum, Conakry, Guinée

Réseaux sociaux

Powered by Netsen Group @ 2025